Fiction Sheriyaat Tashkeel-O-Tanqeed (Record no. 612814)

000 -LEADER
fixed length control field 00310nam a22001217a 4500
020 ## - INTERNATIONAL STANDARD BOOK NUMBER
International Standard Book Number 978-969-35-2258-7
040 ## - CATALOGING SOURCE
Transcribing agency CL
100 ## - MAIN ENTRY--PERSONAL NAME
Personal name Gopi Chand Narang
9 (RLIN) 127802
245 ## - TITLE STATEMENT
Title Fiction Sheriyaat Tashkeel-O-Tanqeed
260 ## - PUBLICATION, DISTRIBUTION, ETC.
Place of publication, distribution, etc. Lahore:
Name of publisher, distributor, etc. Sang-e-Meel Publication,
Date of publication, distribution, etc. 2009.
300 ## - PHYSICAL DESCRIPTION
Extent 320p.
942 ## - ADDED ENTRY ELEMENTS (KOHA)
Source of classification or shelving scheme
Koha item type Book
Holdings
Withdrawn status Lost status Source of classification or shelving scheme Damaged status Not for loan Permanent Location Current Location Shelving location Date acquired Total Checkouts Full call number Barcode Date last seen Price effective from Koha item type
          Central Library (CL) Central Library (CL) Fiction 02/10/2025   801.95 GOP CL-D-2743 07/04/2025 02/10/2025 Book
© 2023 Central Library, National University of Sciences and Technology. All Rights Reserved.